Leading the Web in concurrent engineering (Record no. 190299)
[ view plain ]
| 000 -LEADER | |
|---|---|
| fixed length control field | 01815nam a2200373Ia 4500 |
| 245 10 - TITLE STATEMENT | |
| Title | Leading the Web in concurrent engineering |
| 260 ## - PUBLICATION, DISTRIBUTION, ETC. (IMPRINT) | |
| Place of publication | Amsterdam, Netherlands ; |
| -- | Washington, DC : |
| Name of publisher | IOS Press, |
| Year of publication | c2006. |
| 300 ## - PHYSICAL DESCRIPTION | |
| Number of Pages | xxii, 885 p. : |
| Other physical details | ill. |
| 490 1# - SERIES STATEMENT | |
| Series statement | Frontiers in artificial intelligence and applications, |
| 500 ## - GENERAL NOTE | |
| General note | "13th ISPE International Conference on Concurrent Engineering: Research and Applications ... Antibes, France"--Preface, p. 5. |
| 650 #0 - SUBJECT ADDED ENTRY--TOPICAL TERM | |
| Topical Term | Concurrent engineering |
| Topical Term | World Wide Web |
| 700 1# - ADDED ENTRY--PERSONAL NAME | |
| Personal name | Ghodous, P. |
| Personal name | Dieng-Kuntz, Rose. |
| Personal name | Loureiro, Geilson. |
| 856 40 - ELECTRONIC LOCATION AND ACCESS | |
| Uniform Resource Identifier | http://site.ebrary.com/lib/rucke/Doc?id=10146745 |
No items available.
